000 00364 a2200145 4500
001 181556
020 _a
040 _cMagnum
100 _aRegina, Tia.
240 1 0 _aA danca dos tangaras - o peixe de olhos de fogo
_lpor
245 1 0 _aA danca dos tangaras - o peixe de olhos de fogo
362 0 _a1899
697 _aMAGNITO: IJ/LENDAS, FOLCLORE
942 _cBK
999 _c181556
_d181556